Online Catalogue and eLibrary

The religious function of the psyche (Record no. 805)

MARC details
000 -LEADER
fixed length control field 00408nam a2200169Ia 4500
005 - DATE AND TIME OF LATEST TRANSACTION
control field 20240718060437.0
008 - FIXED-LENGTH DATA ELEMENTS--GENERAL INFORMATION
fixed length control field 240331s9999 xx 000 0 und d
020 ## - INTERNATIONAL STANDARD BOOK NUMBER
ISBN 0415144019
082 ## - DDC Classification
Class No. 200.19
Item Number - Author Mark COR
100 ## - MAIN ENTRY--PERSONAL NAME
Personal name Corbett, L
245 #4 - TITLE STATEMENT
Title The religious function of the psyche
260 ## - PUBLICATION, DISTRIBUTION, ETC.
Place of publication, distribution, etc. London
Name of publisher, distributor, etc. Routledge
Date of publication, distribution, etc. 1996
300 ## - PHYSICAL DESCRIPTION
Extent (e.g. Volumes, Pages etc.) vii, 264 p .,
650 ## - SUBJECT ADDED ENTRY--TOPICAL TERM
Topical term or geographic name entry element Religion
650 ## - SUBJECT ADDED ENTRY--TOPICAL TERM
Topical term or geographic name entry element Psychology
942 ## - Koha item type (Biblio)
Koha item type Books in Stacks (Lending)
Holdings
Lost status Damaged status Collection code Home library Current library Shelving location Date acquired Full call number Accession Number Item type
    Lending WERC Library WERC Library Social Science Cupboard 03/31/2024 200.19 COR 2800 Books in Stacks (Lending)

© WERC Library